03033njm a2200481Ia 4500001000600000003000900006005001700015008004100032040001300073040001300086100001100099100001800110100003800128245002400166250001100190260001100201260002900212300001700241300003000258500009300288505051000381511006900891511010400960511009001064511006101154511010501215511012401320511012101444650005201565700005901617700008301676700007101759700005701830700008101887700006301968700008202031700007402113700008702187700007002274700007302344700006102417700007302478C6733IT-RoPAU20220918181115.0131025s9999 xx 000 0 und d aIT-RoPAU cIT-RoPAU aAA.VV. eAutore musica gCodice autore musica SPICS: 12000 aChet Baker In Italy a2a ed. aMILANO bRUSCONIc1994 [1a Ed.:0] aCOMPACT DISC c77 minuti (Testo: 0 pag.) aMusica jazz. Compact fuori commercio allegato al n. 12 1994 della rivista "Musica jazz". aFor Minors Only [(Pescara, stadio comunale, 14 luglio 1975) (6:00)] - Forgetful [(Palermo, Brass Group, 17 gennaio 1976) (8:00)] - Blue Room [(Roma, centro jazz St. Louis, 27 gennaio 1979) (8:00)] - Cheryl [(Ancona, teatro sperimentale, 23 novembre 1985) (11:00)] - Cherokee [(Macerata, giardini Diaz, 2 luglio 1985) (11:00)] - Dancing In the Dark [(Civitanova Marche, 5 luglio 1985) (7:00)] - Laura [(Civitanova Marche, 5 luglio 1985) (13:00)] - Solar [(Torino, teatro Carignano, 21 aprile 1988) (14:00)] aBaker Chet: tr; Drew Kenny: p; Ridley Larry: cb; Lee David: batt aBaker Chet: tr; Pelzer Jacques: fl; Garsia Ignazio: p; Tommaso Giovanni: cb; Cavallaro Gianni: batt aBaker Chet: tr; Pelzer Jacques: alto; Grailler Michel: p; Rassinfosse Jean-Louise: cb aBaker Chet: tr; Grailler Michel: p; Moriconi Massimo: cb aBaker Chet: tr; Pelzer Jacques: sop; Melillo Mike: p; Moriconi Massimo: cb; Ascolese Giampaolo: batt aBaker Chet: tr; Melillo Mike: p, arr; Moriconi Massimo: cb; Ascolese Giampaolo: batt; Orchestra Filarmonica Marchigiana aBaker Chet: tr; Rava Enrico: tr; Urbani Massimo: alto; D'Andrea Franco: p; Tommaso Giovanni: cb; Gatto Roberto: batt aJAZZ [COMPACT DISC]eCodice MATERIA SPICS: 9949 aBaker ChetgCodice interprete SPICS: 13029eInterprete aHeath JimmygCodice autore musica SPICS: 36621eAutore musicapFor Minors Only aHandygCodice autore musica SPICS: 42469eAutore musicapForgetful aSegalgCodice autore SPICS: 42470eAutorepForgetful aRodgers RichardgCodice autore musica SPICS: 11120eAutore musicapBlue Room aHart LorenzgCodice autore SPICS: 10738eAutorepBlue Room aParker Charlie (B.)gCodice autore musica SPICS: 10799eAutore musicapCheryl aNoble RaygCodice autore musica SPICS: 10522eAutore musicapCherokee aSchwartz A.gCodice autore musica SPICS: 15555eAutore musicapDancing In the Dark aDietz H.gCodice autore SPICS: 15554eAutorepDancing In the Dark aRaskin DavegCodice autore musica SPICS: 13976eAutore musicapLaura aMercer JohnnygCodice autore SPICS: 18100eAutorepLaura aDavis MilesgCodice autore musica SPICS: 10734eAutore musicapSolar